ASEAN Countries - Sudden Death - Statistics

General Stats
  • This quiz has been taken 1,064 times
    845 since last reset
  • The average score is 7 of 11
Answers on the Grid
Answers color-coded by a green-red scale on the quiz's grid according to % correct below.
Indonesia
Thailand
Singapore
Laos
Brunei
Myanmar
Cambodia
Vietnam
Malaysia
Philippines
India
Taiwan
China
Bangladesh
East Timor
Papua New Guinea
South Korea
Japan
Bhutan
Nepal
Sri Lanka
Australia
United States
Palau
 
Answer Stats
Answer % Correct
Malaysia
72%
Indonesia
69%
Thailand
69%
Vietnam
68%
Singapore
67%
Cambodia
65%
Philippines
65%
Laos
64%
Myanmar
61%
Brunei
57%
East Timor
55%
No matching quizzes found
Score Distribution
Percent of People with Each Score
Percentile by Number Answered
Your Score History
You have not taken this quiz since the last reset